000 00717nam a2200181Ia 4500
999 _c12331
_d12331
005 20240809173739.0
008 240808s9999 xx 000 0 und d
040 _aUPAN
_cBiblioteca San Vicente
_eRCAA2
041 _aspa
082 _a658.81
_bDia
_c2022
100 _aDiaz HenrĂ­quez, Rosa Esmeralda
_4aut.
245 0 _aPlan de marketing digital para el incremento de ventas de Eli`s Food en el municipio de Santo Tomas, departamento de San Salvador 2020-2021
260 _aSan Salvador:
_bUniversidad Panamericana,
_c2022
300 _a140 p.;
_c28 cm.
650 _2LEMB
_aMarketing digital
700 _aGonzález Rosales, Sandra Jeanette
_4aut.
942 _cBK
_2ddc